Associez les Pays d'Amérique du Nord à leur Capitale et Drapeau - Statistiques

Statistiques générales
  • Ce quiz a été pris 178 fois
    8 depuis la dernière actualisation
  • Le résultat moyen est 35 sur 46
Statistiques - réponses
Hint Réponse % Correct
Drapeau d'Antigua-et-Barbuda 1F1E6-1F1EC.svg
100%
Drapeau des Bahamas 1F1E7-1F1F8.svg
100%
Drapeau des États-Unis 1F1FA-1F1F8.svg
100%
Drapeau du Panama 1F1F5-1F1E6.svg
100%
Drapeau de la République dominicaine 1F1E9-1F1F4.svg
100%
Drapeau du Costa Rica 1F1E8-1F1F7.svg
100%
Capitale des États-Unis Washington D.C.
100%
Capitale du Belize Belmopan
75%
Capitale de Sainte-Lucie Castries
75%
Capitale du Guatemala Guatemala
75%
Drapeau de la Jamaïque 1F1EF-1F1F2.svg
75%
Drapeau du Belize 1F1E7-1F1FF.svg
75%
Drapeau de Haïti 1F1ED-1F1F9.svg
75%
Drapeau du Mexique 1F1F2-1F1FD.svg
75%
Drapeau de Cuba 1F1E8-1F1FA.svg
75%
Drapeau de la Barbade 1F1E7-1F1E7.svg
75%
Drapeau de Saint-Christophe-et-Niévès 1F1F0-1F1F3.svg
75%
Drapeau de la Grenade 1F1EC-1F1E9.svg
75%
Drapeau du Nicaragua 1F1F3-1F1EE.svg
75%
Drapeau de Saint-Vincent-et-les-Grenadines 1F1FB-1F1E8.svg
75%
Drapeau du Salvador 1F1F8-1F1FB.svg
75%
Drapeau du Honduras 1F1ED-1F1F3.svg
75%
Drapeau de la Dominique 1F1E9-1F1F2.svg
75%
Drapeau du Canada 1F1E8-1F1E6.svg
75%
Drapeau de Trinité-et-Tobago 1F1F9-1F1F9.svg
75%
Drapeau de Sainte-Lucie 1F1F1-1F1E8.svg
75%
Drapeau du Guatemala 1F1EC-1F1F9.svg
75%
Capitale de la Jamaïque Kingston
75%
Capitale de Cuba La Havane
75%
Capitale du Nicaragua Managua
75%
Capitale du Mexique Mexico
75%
Capitale des Bahamas Nassau
75%
Capitale du Canada Ottawa
75%
Capitale du Panama Panama
75%
Capitale de Haïti Port-au-Prince
75%
Capitale de la Dominique Roseau
75%
Capitale de la République dominicaine Saint-Domingue
75%
Capitale du Costa Rica San José
75%
Capitale du Salvador San Salvador
75%
Capitale du Honduras Tegucigalpa
75%
Capitale de Saint-Christophe-et-Niévès Basseterre
50%
Capitale de la Barbade Bridgetown
50%
Capitale de Saint-Vincent-et-les-Grenadines Kingstown
50%
Capitale de Trinité-et-Tobago Port-d'Espagne
50%
Capitale de la Grenade Saint-Georges
50%
Capitale d'Antigua-et-Barbuda Saint John's
25%
Aucun quiz correspondant
Distribution des résultats
% des personnes avec chaque résultat
Percentile par nombre de réponses
Votre historique - résultats
Vous n’avez pas pris ce quiz depuis la dernière actualisation